LEADER 01069nam a2200265 4500 001 000000332007 003 CaOOAMICUS 005 20190116104508.0 008 190111s2003 fr 000 u fre r 020 $a2-228-89386-2 040 $aSeMil$bita 100 1 $aAncelin Schützenberger, Anne.$0(OLS)http://semarc/name/108850 245 13$aLe psychodrame /$cAnne Ancelin Schützenberger. 250 $aNouvelle édition revue et augmentée 264 1$aParis :$bPayot & Rivages,$c2003. 300 $a491 p. ;$c17 cm 490 1 $aPetite bibliothèque Payot ;$v394 650 4$aPsicodramma.$0(OLS)http://semarc/subject/47889 830 0$aPetite bibliothèque Payot ;$v394.$0(OLS)http://semarc/title/42629 850 $aSeMil 852 $aSeMil$W1$xVenegono$y1$m2O I 452$j210526$B223915$CSeMilBibl$Z2$F223915 $81 996 $6020$a2-228-89386-2$9(OLS)http://semarc/number/286168 996 $6245$aLe psychodrame$9(OLS)http://semarc/title/420708 996 $6264$aParis :$bPayot & Rivages$9(OLS)http://semarc/publisher/56235 LEADER 00970nam a2200265 i 4500 001 000000046090 003 CaOOAMICUS 005 20250505160804.0 008 050707s1984 vc u000 u mul u 013 $a17260 020 $a88-209-1487-5 040 $aSeMil$bita 100 0 $aIoannes Paulus II,$c.$0(OLS)http://semarc/name/646 245 10$a1984 :$b(Gennaio-Giugno) 300 $aXL, 2015 p. 773 0 $tInsegnamenti di Giovanni Paolo 2.$dCittà del Vaticano : Libreria Editrice Vaticana, 1979-2005.$g7$w()794 850 $aSeMil 852 $aSeMil$W1$xVenegono$y1$m2A III 204$j12245$B12245$CSeMilBibl$Z2$F12245 $81 900 1 $aWojtyla, Karol,$d<1920-2005>. 900 0 $aGiovanni Paolo II$c. 996 $6020$a88-209-1487-5$9(OLS)http://semarc/number/18491 996 $6245$a1984 :$b(Gennaio-Giugno)$9(OLS)http://semarc/title/68768